Mort subite prénoms princesses Disney - Statistiques

Statistiques générales
  • Ce quiz a été pris 2 343 fois
  • Le résultat moyen est 11 sur 15
Answers on the Grid
Answers color-coded by a green-red scale on the quiz's grid according to % correct below.
Belle
Aurore
Blanche-neige
Cendrillon
Ariel
Jasmine
Pocahontas
Mulan
Tiana
Raiponce
Mérida
Vaiana
Raya
Wendy
Alice
Esmeralda
Jane
Lilo
Nala
Vanellope
Clochette
Joie
Isabela
Dolores
Abby
Bella
Anna
Elsa
Amanda
Sofia
 
Statistiques - réponses
Réponse % Correct
Belle
94%
Jasmine
90%
Aurore
86%
Cendrillon
84%
Raiponce
84%
Ariel
83%
Blanche-neige
81%
Pocahontas
79%
Mulan
76%
Tiana
72%
Vaiana
68%
Mérida
66%
Raya
35%
Elsa
34%
Anna
31%
Aucun quiz correspondant
Distribution des résultats
% des personnes avec chaque résultat
Percentile par nombre de réponses
Votre historique - résultats
Vous n’avez pas pris ce quiz